best players from every country beggining with A - Statistics

General Stats
  • This quiz has been taken 6 times
  • The average score is 1 of 11
Answer Stats
country player % Correct
argentina lionel messi
100%
austria marcel sabitzer
33%
albania berat djimisti
0%
angola clinton mata
0%
armenia herikh mkhitaryan
0%
andorra iker alvarez
0%
antigua and barbuda mahlon romeo
0%
australia mathew ryan
0%
afghanistan rahmat akbari
0%
algeria ryhad mahrez
0%
azerbajan sahruddin magomedalyiev
0%
No matching quizzes found
Score Distribution
Percent of People with Each Score
Percentile by Number Answered
Your Score History
You have not taken this quiz